000 00913cab a2200325 4500
001 ABS59055
008 090401t1998 xxu||||| |||| 00| 0 eng d
035 _a(Sirsi) u87431
041 _aeng
100 _aLawson, D.
245 _aTiddlers with shark`s appetite won`t stay small fry for long
260 _c1998
350 _a0
490 _aProperty Week
_v63(11) 3 July 1998, 15(1)
520 _aDiscusses the interest in residential investment and some of the specialists operating in this sector.
650 _aBPF
650 _aBUSINESS EXPANSION SCHEMES
650 _aPROPERTY-COMMERCIAL PROPERTY
650 _aMANAGEMENT CHARGES
650 _aPROFIT MARGINS
650 _aRENTAL GROWTH
650 _aRENTS
650 _aRESIDENTIAL INVESTMENT
650 _aSPECIALISTS
650 _aTAX BENEFITS
650 _aYIELDS
690 _aHOUSING
942 _n0
948 _c16/07/1998
999 _c55139
_d55139